Statistics for Largest Cities in Community of Portuguese Language Countries

Click here to take the quiz!

General Stats

  • This quiz has been taken 63 times
  • The average score is 18 of 28

Answers on the Map

Answers color-coded by a green-red scale on the quiz's map according to % correct below.
 

Answer Stats

Pop. (M)City% Correct
1.3Porto
98%
3.0Lisbon
96%
22.4São Paulo
96%
4.8Brasília
94%
13.6Rio de Janeiro
94%
9.0Luanda
92%
1.1Maputo
89%
1.8Matola
89%
4.2Recife
85%
6.2Belo Horizonte
83%
2.3Manaus
83%
4.2Fortaleza
79%
3.9Salvador
79%
4.2Porto Alegre
75%
3.8Curitiba
70%
2.4Belém
68%
1.5Natal
60%
3.4Campinas
49%
2.8Goiânia
49%
1.5São Luís
45%
2.1Vitória
40%
1.9Santos
36%
1.3Florianópolis
34%
1.4João Pessoa
34%
1.0Teresina
30%
1.4Maceió
28%
1.0Aracaju
23%
1.3Joinville
19%

Score Distribution

Percentile by Number Answered

Percent of People with Each Score

Your Score History

You have not taken this quiz